000 00344nam a2200145Ia 4500
008 100122s9999 xx 000 0 und d
082 _b45409
_a823
100 _aWHITTIER BERT
245 _aALPHA AND OMEGA
260 _bA GOLD EAGLE BOOK
_c1988
300 _a380
630 _aALPHA AND OMEGA
730 _aALPHA AND OMEGA
942 _cBOOK
999 _c373704
_d373701